[Event "Gibraltar Masters"]
[Site "Caleta ENG"]
[Date "2011.02.03"]
[Round "10.87"]
[White "Haga, Halvor"]
[Black "Kuehnast, Volker"]
[Result "0-1"]
[WhiteElo "2024"]
[BlackElo "1899"]
[WhiteFideId "1507532"]
[BlackFideId "24653756"]
[EventDate "2011.01.25"]
[EventType "swiss"]

1. e4 g6 2. Nf3 d6 3. g3 Bg7 4. Bg2 c5 5. O-O Nc6 6. c3 Nf6 7. Re1 e5 8. d3 O-O
9. a3 b5 10. b4 a5 11. bxc5 dxc5 12. Be3 Qd6 13. Ra2 Rb8 14. d4 cxd4 15. cxd4
Ng4 16. Bc1 Nxd4 17. Nxd4 Qxd4 18. Rd2 Qa7 19. h3 Nf6 20. Rd6 b4 21. Be3 Qc7 22.
Qd2 Qc4 23. Rxf6 Bxf6 24. Qd6 Be6 25. Nd2 Qc3 26. axb4 axb4 27. Nf3 Rfd8 28. Qa6
b3 29. Rc1 Qd3 30. Qa5 b2 31. Bf1 0-1

[Event "Gibraltar Masters"]
[Site "Caleta ENG"]
[Date "2011.02.03"]
[Round "10.88"]
[White "Zanetti, Bruno"]
[Black "Gillespie, Gary"]
[Result "1-0"]
[WhiteElo "2017"]
[BlackElo "1848"]
[WhiteFideId "1306669"]
[BlackFideId "2402777"]
[EventDate "2011.01.25"]
[EventType "swiss"]

1. d4 Nf6 2. c4 e6 3. Nc3 d5 4. Bg5 Be7 5. e3 O-O 6. Nf3 Nbd7 7. Qc2 c6 8. O-O-O
dxc4 9. Bxc4 Nd5 10. h4 N7f6 11. g4 Nxg4 12. Rhg1 Nb4 13. Qe2 b5 14. Bb3 a5 15.
Rxg4 a4 16. Bxe7 Qxe7 17. Rdg1 axb3 18. Rxg7+ Kh8 19. Ne5 Nxa2+ 20. Kd2 Nxc3 21.
Rxh7+ 1-0

[Event "Gibraltar Masters"]
[Site "Caleta ENG"]
[Date "2011.02.03"]
[Round "10.92"]
[White "Helin, Mikael"]
[Black "Perez Reisler, Jose"]
[Result "1/2-1/2"]
[WhiteElo "1914"]
[BlackElo "1893"]
[WhiteFideId "1703838"]
[BlackFideId "3100820"]
[EventDate "2011.01.25"]
[EventType "swiss"]

1. e4 d6 2. Nc3 g6 3. g3 Bg7 4. Bg2 c5 5. d3 Nc6 6. Rb1 e5 7. Be3 Nge7 8. Qd2
O-O 9. h4 h5 10. f3 Rb8 11. g4 hxg4 12. h5 gxh5 13. Rxh5 Ng6 14. Nd5 f5 15. Bg5
Qe8 16. exf5 Bxf5 17. fxg4 Bxg4 18. Nc7 Qd7 19. Bd5+ Rf7 20. Rh2 Nb4 21. Bb3 d5
22. Nxd5 Nxd5 23. Ne2 Rbf8 24. Ng3 Be6 25. Bh6 Rf3 26. Bxg7 Qxg7 27. Qg5 Ngf4
28. Ne4 Nxd3+ 29. Ke2 N3f4+ 30. Kd2 Nh3 31. Rxh3 Rxh3 32. Rg1 Rh2+ 33. Kc1 Rh7
34. Bxd5 Bxd5 35. Qe3 Bxe4 36. Rxg7+ Rxg7 37. Qxe4 Rd8 38. Qc4+ Rf7 39. c3 b6
40. Qe6 Kf8 41. Qxe5 Re8 42. Qh8+ Ke7 43. Qe5+ Kf8 44. Qh8+ Ke7 45. Qh6 Kd8 46.
Qc6 Rd7 47. Qf6+ Kc8 48. Qf5 Kc7 49. Qf4+ 1/2-1/2

[Event "Gibraltar Masters"]
[Site "Caleta ENG"]
[Date "2011.02.03"]
[Round "10.93"]
[White "Reid, Vaness"]
[Black "Leimeister, Winfried"]
[Result "1/2-1/2"]
[WhiteTitle "WFM"]
[WhiteElo "1841"]
[BlackElo "1906"]
[WhiteFideId "3205835"]
[BlackFideId "24653721"]
[EventDate "2011.01.25"]
[EventType "swiss"]

1. d4 g6 2. c4 Bg7 3. e4 d6 4. f3 f5 5. Ne2 fxe4 6. fxe4 e5 7. d5 Qh4+ 8. Ng3
Nf6 9. Nc3 Nh5 10. Qd3 Na6 11. a3 Nc5 12. Qe3 Nb3 13. Rb1 Nd4 14. Bd3 O-O 15.
Qg5 Qxg5 16. Bxg5 Nf4 17. Bxf4 exf4 18. Nge2 f3 19. gxf3 Rxf3 20. Nxd4 Bxd4 21.
Kd2 Bh3 22. Be2 Rf2 23. Nd1 Rf4 24. Nc3 Raf8 25. Kd3 Bxc3 26. Kxc3 Rxe4 27. Bd3
Re5 28. Rbe1 Rf3 29. Rxe5 dxe5 30. Kd2 Bf5 31. Be2 Rh3 32. Bf1 Rb3 33. Kc1 Kf7
34. Bg2 Re3 35. Kd2 Rd3+ 36. Kc1 Kf6 37. Rf1 b6 38. Kc2 Rf3+ 39. Kd2 Rb3 40. Kc1
a5 41. Bf3 Rd3 42. Be2 Rd4 43. b4 axb4 44. axb4 Rf4 45. Kd2 Rxf1 46. Bxf1 g5 47.
c5 Be4 48. Bc4 g4 49. Ke3 Bh1 50. d6 cxd6 51. cxb6 Ke7 52. Ba6 Kd8 53. Bd3 h5
54. Bf5 Bc6 55. h4 gxh3 56. Bxh3 Bd7 57. b7 Kc7 58. Bxd7 Kxb7 59. Ke4 Kc7 60.
Bh3 Kc6 61. Bg2 Kb5 1/2-1/2

[Event "Gibraltar Masters"]
[Site "Caleta ENG"]
[Date "2011.02.03"]
[Round "10.96"]
[White "Neumanova, Monika"]
[Black "De Lillo, Michele"]
[Result "0-1"]
[WhiteElo "1712"]
[BlackElo "1964"]
[WhiteFideId "323918"]
[BlackFideId "814504"]
[EventDate "2011.01.25"]
[EventType "swiss"]

1. d4 Nf6 2. c4 g6 3. Nc3 Bg7 4. e4 d6 5. f3 Nc6 6. Be3 O-O 7. Qd2 a6 8. h3 Rb8
9. d5 Ne5 10. f4 Ned7 11. Nf3 Nh5 12. g4 Ng3 13. Rg1 Nxf1 14. Kxf1 b5 15. Nd4
Bxd4 16. Bxd4 e5 17. dxe6 fxe6 18. Kg2 b4 19. Ne2 Bb7 20. Kh2 Bxe4 21. Qe3 d5
22. Ng3 c5 23. cxd5 exd5 24. Bxc5 Nxc5 25. Qxc5 Rc8 26. Qe3 Rc2+ 27. Ne2 Qc7 28.
Rg3 Qxf4 29. Kg1 Rxe2 0-1

[Event "Gibraltar Masters"]
[Site "Caleta ENG"]
[Date "2011.02.03"]
[Round "10.98"]
[White "Zaky, Tamir"]
[Black "Berggren, Klas"]
[Result "1-0"]
[WhiteElo "1861"]
[BlackElo "1463"]
[WhiteFideId "651451"]
[BlackFideId "1715089"]
[EventDate "2011.01.25"]
[EventType "swiss"]

1. e4 e5 2. Nf3 Nc6 3. Bb5 a6 4. Ba4 Nf6 5. O-O Be7 6. Re1 b5 7. Bb3 d6 8. h3
Na5 9. d4 Nxb3 10. axb3 Bb7 11. d5 O-O 12. c4 c6 13. Nbd2 cxd5 14. cxd5 Ne8 15.
Nf1 f5 16. exf5 Rxf5 17. Ne3 Rf7 18. b4 Nc7 19. Qb3 Qf8 20. Re2 Re8 21. Bd2 Rxf3
22. gxf3 Qxf3 23. Qd1 Nxd5 24. Re1 Qh1+ 25. Kxh1 Nxe3+ 26. Kh2 Nxd1 27. Raxd1
Bh4 28. Be3 Re6 29. Rg1 Rf6 30. Rd2 d5 31. Rc2 d4 32. Rc7 Rf7 33. Rxf7 Kxf7 34.
Bg5 Bxg5 35. Rxg5 Kf6 36. f4 e4 37. Kg1 e3 38. Kf1 Be4 39. Ke2 Bf5 40. h4 h6 41.
Rg1 g6 42. Rc1 Be4 43. Rc5 Kf7 44. Re5 d3+ 45. Kxe3 Bf5 46. Rc5 Ke6 47. Kd2 h5
48. Re5+ Kd6 49. Kc3 Kc6 50. Rc5+ Kd6 51. Kd4 Ke6 52. Re5+ Kd6 53. Rd5+ Kc6 54.
Ke5 Kb7 55. Rd6 Ka7 56. Kf6 Kb7 57. Ke7 Ka7 58. Rd5 Kb7 59. Kd6 Kb6 60. Rd4 Kb7
61. Kc5 Kc7 62. Rd6 Kb7 63. Rf6 Ka7 64. Rf7+ Kb8 65. Rf6 Kc7 66. Rc6+ Kb7 67.
Rb6+ Ka7 68. Rc6 Kb7 69. Rd6 Kc7 70. Rd5 Kb7 71. Rd6 Ka7 72. Rb6 Be4 73. Re6 Bf5
74. Re7+ Kb8 75. Kc6 Bg4 76. Rb7+ Ka8 77. Rg7 Bf5 78. Kb6 Kb8 79. Rg8+ Bc8 80.
Re8 1-0

[Event "Gibraltar Masters"]
[Site "Caleta ENG"]
[Date "2011.02.03"]
[Round "10.99"]
[White "Bishop, Peter"]
[Black "Matto, Manuel"]
[Result "1/2-1/2"]
[WhiteElo "1784"]
[BlackElo "1838"]
[WhiteFideId "613053"]
[BlackFideId "413062"]
[EventDate "2011.01.25"]
[EventType "swiss"]

1. d4 g6 2. Nf3 Bg7 3. Bg5 h6 4. Bh4 d5 5. Nbd2 Nc6 6. e3 a6 7. a3 Nf6 8. c4 g5
9. Bg3 Bg4 10. Qb3 Rb8 11. Rc1 O-O 12. Bd3 e6 13. Bb1 Bh5 14. h4 Na5 15. Qc3 g4
16. Qxa5 b6 17. Qxa6 gxf3 18. gxf3 Ra8 19. Qb5 Bg6 20. Bxg6 fxg6 21. cxd5 Nxd5
22. Ke2 Rf5 23. Qc6 Qe8 24. Qxe8+ Rxe8 25. e4 Nf4+ 26. Bxf4 Rxf4 27. Ke3 Rf7 28.
Rc6 Rd7 29. Nb3 Kf7 30. Rhc1 Ree7 31. f4 h5 32. e5 Bh6 33. Nd2 Kg7 34. Ne4 Rf7
35. Nf6 Rde7 36. Rg1 Rxf6 37. exf6+ Kxf6 38. Rgc1 Kf5 1/2-1/2

[Event "Gibraltar Masters"]
[Site "Caleta ENG"]
[Date "2011.02.03"]
[Round "10.100"]
[White "Bauder, Herbert"]
[Black "Rough, Robert E"]
[Result "1-0"]
[WhiteElo "2005"]
[BlackElo "1742"]
[WhiteFideId "4685431"]
[BlackFideId "2403030"]
[EventDate "2011.01.25"]
[EventType "swiss"]

1. d4 Nf6 2. Nf3 d5 3. c4 e6 4. Nc3 Be7 5. Bg5 O-O 6. e3 c6 7. Qc2 Nbd7 8. a3
Re8 9. Bd3 Nf8 10. O-O h6 11. Bh4 b6 12. cxd5 exd5 13. Ne5 Bb7 14. Qe2 c5 15.
Bb5 N8d7 16. Bxf6 Nxf6 17. Bxe8 Qxe8 18. Nf3 Qc8 19. Qd2 Qe6 20. Rfd1 Bd6 21.
Nb5 Bb8 22. Rac1 a6 23. Nc3 g5 24. Ne2 Ne4 25. Qc2 g4 26. Ne5 f6 27. Nf4 Qf5 28.
Neg6 Kf7 29. f3 gxf3 30. gxf3 Bxf4 31. Nxf4 Rg8+ 32. Kh1 Nd6 33. Qxf5 Nxf5 34.
Ng2 Rxg2 35. Kxg2 Nxe3+ 36. Kf2 Nxd1+ 37. Rxd1 c4 38. Rg1 b5 39. Ke3 a5 40. Kf4
Bc8 41. h4 h5 42. Ke3 Bf5 43. Kd2 b4 44. axb4 axb4 45. Ra1 b3 46. Ra6 Ke7 47.
Rb6 Be6 48. Kc3 Bh3 49. Kd2 Be6 50. Rb7+ Bd7 51. Kc3 Ke6 52. Kb4 Be8 53. Kc5 Bf7
54. Rb6+ Ke7 55. f4 Bg8 56. f5 Bf7 57. Rb7+ Kf8 58. Kd6 Bg8 59. Rb8+ Kg7 60.
Rb7+ Kf8 61. Rc7 Ke8 62. Rc8+ Kf7 63. Kxd5 1-0